[Event "Yuzhny FO-ch op"]
[Site "Armavir"]
[Date "2015.02.??"]
[Round "3"]
[White "Ignatov, Viktor Alekseevich"]
[Black "Gridnev, Yury"]
[Result "0-1"]
[WhiteElo "2212"]
[BlackElo "2012"]
[PlyCount "66"]
[EventDate "2015.02.13"]
[EventType "swiss"]
[EventRounds "9"]
[EventCountry "RUS"]
[SourceTitle "CBM 165 Extra"]
[Source "ChessBase"]
[SourceDate "2015.04.21"]
[SourceVersion "1"]
[SourceVersionDate "2015.04.21"]
[SourceQuality "1"]

1. e4 c5 2. c3 Nf6 3. e5 Nd5 4. d4 cxd4 5. Qxd4 e6 6. a3 Nc6 7. Qe4 f5 8. Qe2 Qc7 9. f4 b5 10. Qxb5 a5 11. Qa4 Bc5 12. c4 Ne3 13. Nc3 Ng4 14. Nh3 Nd4 15. Nb5 Qc6 16. Bd2 Qe4+ 17. Kd1 0-0 18. Nxd4 Qxd4 19. Qb3 Bb7 20. Qc3 Be4 21. Kc1 h6 22. b3 Rfb8 23. Kb2 Rb7 24. Qxd4 Bxd4+ 25. Bc3 Bxc3+ 26. Kxc3 Rab8 27. b4 axb4+ 28. axb4 Rxb4 29. Be2 Rb3+ 30. Kd4 Bxg2 31. Bxg4 fxg4 32. Nf2 Bxh1 33. Rxh1 h5 0-1

[Event "Nebug Rating op"]
[Site "Nebug"]
[Date "2013.03.29"]
[Round "8"]
[White "Gridnev, Yury"]
[Black "Popov, Kirill"]
[Result "1-0"]
[WhiteElo "2019"]
[BlackElo "2116"]
[PlyCount "59"]
[EventDate "2013.03.22"]
[EventType "swiss"]
[EventRounds "9"]
[EventCountry "RUS"]
[SourceTitle "EXT 2015"]
[Source "ChessBase"]
[SourceDate "2014.11.20"]
[SourceVersion "1"]
[SourceVersionDate "2014.11.20"]
[SourceQuality "1"]

1. d4 Nf6 2. c4 g6 3. Nc3 Bg7 4. e4 d6 5. Nf3 0-0 6. h3 e5 7. d5 a5 8. Be2 Na6 9. Bg5 Nc5 10. Nd2 h6 11. Be3 Nfd7 12. g4 Nb6 13. h4 Bd7 14. h5 g5 15. b3 c6 16. 0-0 Qc7 17. Rc1 Bf6 18. Qc2 Rfb8 19. Rfd1 Bd8 20. Nf1 cxd5 21. exd5 Qc8 22. Bxc5 dxc5 23. Ne3 Be7 24. Qe4 Bf6 25. Bd3 Bg7 26. Qh7+ Kf8 27. Bf5 Qd8 28. Ne4 Be8 29. d6 Nd7 30. Nd5 1-0

[Event "Krasnodar Region Cup"]
[Site "Krasnodar"]
[Date "2013.01.28"]
[Round "6"]
[White "Gridnev, Yury"]
[Black "Pankov, Nikita"]
[Result "1/2-1/2"]
[WhiteElo "2030"]
[BlackElo "1813"]
[PlyCount "81"]
[EventDate "2013.01.23"]
[EventType "swiss"]
[EventRounds "8"]
[EventCountry "RUS"]
[SourceTitle "EXT 2023"]
[Source "ChessBase"]
[SourceDate "2022.10.05"]
[SourceVersion "1"]
[SourceVersionDate "2022.10.05"]
[SourceQuality "1"]

1. e4 c6 2. d4 d5 3. e5 Bf5 4. Nf3 e6 5. Be2 Nd7 6. 0-0 Ne7 7. Nbd2 c5 8. c4 cxd4 9. Nxd4 Nxe5 10. cxd5 Qxd5 11. Qa4+ N5c6 12. Bb5 a6 13. N2f3 Rd8 14. Bxc6+ Nxc6 15. Be3 Be7 16. Rac1 0-0 17. Nxc6 bxc6 18. Rxc6 Rb8 19. Rb6 Rxb6 20. Bxb6 Qb7 21. Bd4 Rc8 22. Bc3 Be4 23. Rd1 Bd5 24. Qg4 f6 25. Nd4 Rc4 26. Qe2 e5 27. Nf5 Be6 28. Nxe7+ Qxe7 29. Qd3 Rc6 30. a3 Bc4 31. Qd7 Rc7 32. Qxe7 Rxe7 33. f3 Kf7 34. Kf2 Ke6 35. Ke3 Rd7 36. Rxd7 Kxd7 37. f4 exf4+ 38. Kxf4 Ke6 39. h4 h5 40. a4 Bb3 41. a5 1/2-1/2

[Event "Krasnodar Region Cup"]
[Site "Krasnodar"]
[Date "2013.01.23"]
[Round "1"]
[White "Chip, Evgeny"]
[Black "Gridnev, Yury"]
[Result "0-1"]
[WhiteElo "1684"]
[BlackElo "2030"]
[PlyCount "106"]
[EventDate "2013.01.23"]
[EventType "swiss"]
[EventRounds "8"]
[EventCountry "RUS"]
[SourceTitle "EXT 2023"]
[Source "ChessBase"]
[SourceDate "2022.10.05"]
[SourceVersion "1"]
[SourceVersionDate "2022.10.05"]
[SourceQuality "1"]

1. Nf3 Nf6 2. g3 b6 3. Bg2 Bb7 4. 0-0 e6 5. Nc3 Be7 6. d3 d5 7. Bg5 Nbd7 8. e3 0-0 9. Nd2 h6 10. Bxf6 Bxf6 11. f4 c5 12. g4 Rb8 13. a4 a6 14. Nf3 Re8 15. d4 Rc8 16. Ne2 cxd4 17. exd4 b5 18. c3 Nb6 19. axb5 axb5 20. Qb3 Nc4 21. Ra7 Qb6 22. Raa1 Ne3 23. Rfe1 Nxg4 24. Nc1 h5 25. h3 Nh6 26. Nd3 Nf5 27. Nc5 Rxc5 28. dxc5 Qxc5+ 29. Kh2 Ne3 30. Ra5 Bc6 31. Nd4 Nxg2 32. Kxg2 Bxd4 33. cxd4 Qxd4 34. Qc3 Qxc3 35. bxc3 d4+ 36. Kf2 dxc3 37. Rc1 b4 38. Ra6 Be4 39. Rb6 c2 40. Rxb4 Bf5 41. h4 Rc8 42. Ke3 Rc3+ 43. Kf2 Rh3 44. Rb8+ Kh7 45. Rb7 Kg6 46. Rg1+ Kf6 47. Rb6 Rxh4 48. Ke3 Rh3+ 49. Kf2 Rd3 50. Ra6 h4 51. Ke2 Rb3 52. Kf2 h3 53. Rh1 Be4 0-1

[Event "Krasnodar Region-ch"]
[Site "Krasnodar"]
[Date "2012.10.07"]
[Round "6"]
[White "Gridnev, Yury"]
[Black "Oganian, Miran1111"]
[Result "0-1"]
[WhiteElo "1983"]
[BlackElo "2281"]
[PlyCount "118"]
[EventDate "2012.10.02"]
[EventType "swiss"]
[EventRounds "9"]
[EventCountry "RUS"]
[SourceTitle "EXT 2013"]
[Source "ChessBase"]
[SourceDate "2012.11.22"]
[SourceVersion "1"]
[SourceVersionDate "2012.11.22"]
[SourceQuality "1"]

1. d4 d5 2. c4 e6 3. Nc3 f5 4. g3 Nf6 5. Bg2 c6 6. Nh3 Be7 7. 0-0 0-0 8. b3 b6 9. Bb2 Ba6 10. Nf4 Qd6 11. c5 bxc5 12. dxc5 Qd7 13. Na4 Ne8 14. Nd3 Bf6 15. f4 Qc7 16. Be5 Bxe5 17. Nxe5 Nd7 18. Nxd7 Qxd7 19. Nb2 Qe7 20. Qd4 Bxe2 21. Rfe1 Ba6 22. Bf1 Bxf1 23. Kxf1 Nf6 24. Nd3 Ne4 25. Rac1 a5 26. Rc2 Rab8 27. Kg2 Rb5 28. Rec1 Rc8 29. Qe5 Qf6 30. Qb2 Qxb2 31. Rxb2 Rcb8 32. Kf3 Kf8 33. Ke3 Ke7 34. Rbc2 Kd7 35. Ne5+ Kc7 36. Nd3 h6 37. Kf3 g5 38. Rg2 Rg8 39. h4 gxh4 40. gxh4 Rxg2 41. Kxg2 Rb8 42. Rg1 Rg8+ 43. Kh2 Rxg1 44. Kxg1 Nc3 45. a3 Nb1 46. b4 a4 47. Nb2 Nxa3 48. Nxa4 Nc2 49. Kf2 d4 50. Nb2 Nxb4 51. Ke2 Nd5 52. Nd3 h5 53. Kf3 Nf6 54. Nc1 Ne4 55. Ne2 d3 56. Nd4 Nxc5 57. Ke3 Kd6 58. Nf3 Kd5 59. Nd2 Ne4 0-1

[Event "Krasnodar Region-ch"]
[Site "Krasnodar"]
[Date "2011.10.16"]
[Round "3"]
[White "Gridnev, Yury"]
[Black "Kiriushin, Vladimir"]
[Result "0-1"]
[WhiteElo "1953"]
[BlackElo "2177"]
[PlyCount "60"]
[EventDate "2011.10.14"]
[EventType "swiss"]
[EventRounds "9"]
[EventCountry "RUS"]
[SourceTitle "EXT 2022"]
[Source "ChessBase"]
[SourceDate "2021.10.06"]
[SourceVersion "1"]
[SourceVersionDate "2021.10.06"]
[SourceQuality "1"]

1. e4 e5 2. f4 exf4 3. d4 Qh4+ 4. Ke2 d5 5. exd5 Nf6 6. Nf3 Qh5 7. c4 g5 8. Nc3 Bh6 9. Kf2 Bg4 10. Bd3 0-0 11. Bc2 Nbd7 12. Bd2 Rfe8 13. h3 Bxf3 14. Qxf3 Qh4+ 15. Kg1 Re7 16. Qf2 Qh5 17. Qf3 Rae8 18. Qxh5 Nxh5 19. Kf2 Bg7 20. g4 Bxd4+ 21. Kg2 Bxc3 22. Bxc3 Re2+ 23. Kg1 Rxc2 24. gxh5 Ree2 25. Kf1 Nc5 26. Rg1 Ne4 27. Be1 f3 28. Rg4 f5 29. Rxe4 fxe4 30. b3 Rh2 0-1

[Event "Krasnodar Region-ch"]
[Site "Krasnodar"]
[Date "2011.10.14"]
[Round "1"]
[White "Gridnev, Yury"]
[Black "Lugovskoy, Maxim"]
[Result "0-1"]
[WhiteElo "1953"]
[BlackElo "2299"]
[PlyCount "106"]
[EventDate "2011.10.14"]
[EventType "swiss"]
[EventRounds "9"]
[EventCountry "RUS"]
[SourceTitle "EXT 2022"]
[Source "ChessBase"]
[SourceDate "2021.10.06"]
[SourceVersion "1"]
[SourceVersionDate "2021.10.06"]
[SourceQuality "1"]

1. e4 e6 2. d3 d5 3. Nd2 Nf6 4. g3 dxe4 5. dxe4 b6 6. Bg2 Bb7 7. Ne2 Be7 8. 0-0 e5 9. b3 0-0 10. Bb2 Nc6 11. Nc4 Ba6 12. Re1 Bc5 13. h3 Bxc4 14. bxc4 Qe7 15. Nc3 Bd4 16. Nd5 Nxd5 17. Bxd4 Nf6 18. Be3 Rad8 19. Qb1 Nd7 20. Qb5 Na5 21. Rad1 c6 22. Qa4 Nc5 23. Qb4 Nab7 24. Kh2 Rd6 25. Rxd6 Qxd6 26. Qc3 Rd8 27. f3 Na5 28. Qb4 Nab7 29. Rb1 Ne6 30. Qxd6 Rxd6 31. Kg1 Nd4 32. Rb2 c5 33. Kf2 Kf8 34. Bf1 Ke7 35. Bd3 Kd7 36. Bd2 Kc7 37. Ke3 Re6 38. Rb1 Nd6 39. a4 Nc6 40. f4 exf4+ 41. gxf4 g6 42. Re1 Nd4 43. Bc3 Nxe4 44. Bxd4 cxd4+ 45. Kxd4 Rd6+ 46. Ke5 f6+ 47. Kxe4 Re6+ 48. Kd4 Rxe1 49. f5 g5 50. Kd5 h5 51. Be4 g4 52. hxg4 hxg4 53. Bd3 g3 0-1